Distribution of trace elements related to the occurrence of certain cancers, cardiovascular diseases, and urolithiasis : a report of the workshop at South Seas Plantation, Captiva Island, Florida, October 6-11, 1974 /

Bibliographic Details
Corporate Author: United States. National Committee for Geochemistry. Subcommittee on the Geochemical Environment in Relation to Health and Disease
Format: Book
Language:English
Published: Washington : National Academy of Sciences, 1978.
Series:Geochemistry and the environment ; v. 3.
Subjects:

MARC

Tag First Indicator Second Indicator Subfields
LEADER 00000cam a2200000 i 4500
001 in00000071883
005 20151008062436.0
008 781019s1978 dcuaf b 10100 engm
010 |a  78024162  
020 |a 0309027950 
035 |a (OCoLC)04504000 
035 |9 AAK0235AM 
040 |a DLC  |c DLC  |d m.c.  |d OCL  |d TXA  |d UtOrBLW 
049 |a TXAM  |c 1 [1157745], 2 [1501815] 
050 0 0 |a RA565.A2  |b G45 vol. 3  |a RA1231.T7 
060 0 |a QU130 G343 v. 3 1974 
082 0 |a 612/.01524/08 s  |a 615.9/2 
245 0 0 |a Distribution of trace elements related to the occurrence of certain cancers, cardiovascular diseases, and urolithiasis :  |b a report of the workshop at South Seas Plantation, Captiva Island, Florida, October 6-11, 1974 /  |c under the auspices of the Subcommittee on the Geochemical Environment in Relation to Health and Disease, U.S. National Committee for Geochemistry, Assembly of Mathematical and Physical Sciences, National Research Council. 
264 1 |a Washington :  |b National Academy of Sciences,  |c 1978. 
300 |a xi, 200 pages 1 unnumbered leaf of plates :  |b illustrations ;  |c 28 cm. 
336 |a text  |b txt  |2 rdacontent 
337 |a unmediated  |b n  |2 rdamedia 
338 |a volume  |b nc  |2 rdacarrier 
490 1 |a Geochemistry and the environment ;  |v v. 3 
504 |a Includes bibliographies and index. 
650 0 |a Trace elements  |x Toxicology  |x Congresses. 
650 0 |a Trace elements  |x Environmental aspects  |v Congresses. 
650 0 |a Biogeochemistry  |v Congresses. 
650 0 |a Medical geography  |v Congresses. 
650 2 |a Trace Elements  |x adverse effects  |x Congresses. 
650 2 |a Neoplasms  |x etiology  |x Congresses. 
650 2 |a Cardiovascular Diseases  |x Congresses. 
650 2 |a Urinary Calculi  |x etiology  |x Congresses. 
710 2 |a United States.  |b National Committee for Geochemistry.  |b Subcommittee on the Geochemical Environment in Relation to Health and Disease. 
830 0 |a Geochemistry and the environment ;  |v v. 3. 
999 |a MARS 
999 f f |s 5d9a8625-606a-3d3f-89da-f0831fa8e6dd  |i c473d909-2f34-3afe-96b4-61b6c5b1bbcb  |t 0 
952 f f |p ric  |a Texas A&M University  |b Rellis Campus  |c Joint Library Facility  |s JLF  |d Remote Storage  |t 0  |e RA565.A2 G45 vol. 3  |h Library of Congress classification  |i unmediated -- volume  |m A14806227673 
998 f f |a RA565.A2 G45 vol. 3  |t 0  |l Remote Storage